[Event "Viterbo op 6th"]
[Site "Viterbo"]
[Date "2009.06.01"]
[Round "5"]
[White "Lisi, Sebastiano"]
[Black "Mecali, Antonello"]
[Result "1/2-1/2"]
[WhiteElo "1964"]
[BlackElo "1815"]
[PlyCount "29"]
[EventDate "2009.05.30"]
[EventType "swiss"]
[EventRounds "7"]
[EventCountry "ITA"]
[SourceTitle "EXT 2011"]
[Source "ChessBase"]
[SourceDate "2010.11.26"]
[SourceVersion "1"]
[SourceVersionDate "2010.11.26"]
[SourceQuality "1"]

1. Nf3 c5 2. c4 Nf6 3. Nc3 Nc6 4. g3 g6 5. Bg2 Bg7 6. 0-0 0-0 7. a3 a5 8. e3 d5 9. cxd5 Nxd5 10. Ne4 b6 11. Qc2 Ba6 12. Re1 Rc8 13. d3 Qc7 14. Bd2 Rfd8 15. Rad1 1/2-1/2

[Event "Rome Elo op 1st"]
[Site "Rome"]
[Date "2008.11.26"]
[Round "7"]
[White "Mulas, Icaro"]
[Black "Mecali, Antonello"]
[Result "1-0"]
[WhiteElo "1813"]
[BlackElo "1866"]
[PlyCount "83"]
[EventDate "2008.10.15"]
[EventType "swiss"]
[EventRounds "7"]
[EventCountry "ITA"]
[SourceTitle "EXT 2011"]
[Source "ChessBase"]
[SourceDate "2010.11.26"]
[SourceVersion "1"]
[SourceVersionDate "2010.11.26"]
[SourceQuality "1"]

1. e4 c5 2. Nc3 Nc6 3. Nf3 d6 4. d4 cxd4 5. Nxd4 Nf6 6. Bg5 e6 7. Be2 Be7 8. 0-0 Bd7 9. Ndb5 Qb8 10. Bf4 e5 11. Be3 a6 12. Na3 b5 13. Nd5 Nxe4 14. Nb6 Ra7 15. Nxd7 Rxd7 16. Qd5 Nd4 17. Bxd4 Nf6 18. Qc6 exd4 19. Qxa6 0-0 20. Nxb5 Rb7 21. a4 Bd8 22. a5 Nd5 23. Qc6 Nb4 24. Qc4 d3 25. a6 Nxa6 26. Bxd3 Nc5 27. Nd4 Rxb2 28. Rad1 Rb4 29. Qd5 Qb6 30. Nc6 Nxd3 31. Rxd3 Rb5 32. Qxd6 Bc7 33. Ne7+ Kh8 34. Ng6+ hxg6 35. Qxf8+ Kh7 36. Rh3+ Rh5 37. Rxh5+ gxh5 38. Qxf7 Kh6 39. Re1 g6 40. g3 h4 41. Qf8+ Kg5 42. Qe7+ 1-0

[Event "Rome Elo op 1st"]
[Site "Rome"]
[Date "2008.11.19"]
[Round "6"]
[White "Mecali, Antonello"]
[Black "De Lisa, Carmine"]
[Result "0-1"]
[WhiteElo "1866"]
[BlackElo "1699"]
[PlyCount "44"]
[EventDate "2008.10.15"]
[EventType "swiss"]
[EventRounds "7"]
[EventCountry "ITA"]
[SourceTitle "EXT 2011"]
[Source "ChessBase"]
[SourceDate "2010.11.26"]
[SourceVersion "1"]
[SourceVersionDate "2010.11.26"]
[SourceQuality "1"]

1. c4 e5 2. Nc3 Nf6 3. Nf3 Nc6 4. d3 Bb4 5. a3 Bxc3+ 6. bxc3 0-0 7. Bg5 d6 8. g3 h6 9. Bd2 e4 10. Nd4 exd3 11. exd3 Re8+ 12. Be3 Ng4 13. Nc2 Qf6 14. Qd2 Nce5 15. 0-0-0 Nf3 16. Qe2 Nxe3 17. fxe3 Bg4 18. h3 Qxc3 19. hxg4 Nd4 20. Qf2 Rxe3 21. Rd2 Nxc2 22. Kb1 Re1+ 0-1